000 01493cam a2200385 a 4500
001 1813
003 FISKH
005 20231004080426.0
008 010430s2002 nyua b b 001 0 eng
010 _a 2001032338
020 _a051623949X (lib. bdg.)
020 _a0516236032 (pbk.)
040 _aDLC
_cDLC
_dDLC
_beng
042 _alcac
043 _an-us---
050 0 0 _aE312.66
_b.A27 2002
082 0 0 _a973.4/1/092
_aB
_221
100 1 _aAbraham, Philip,
_d1970-
245 1 0 _aGeorge Washington /
_cby Philip Abraham.
260 _aNew York :
_bScholastic,
_c2002.
300 _a24 pages :
_bColor illustrations ;
_c16 cm
490 1 _aWelcome Books
505 _aG
520 _aAn easy-to-read biography of the first president of the United States.
521 8 _a400
_bLexile
521 8 _aG
_bRaz-Plus
600 1 0 _aWashington, George,
_d1732-1799
_vJuvenile literature.
600 1 1 _aWashington, George,
_d1732-1799.
650 0 _aPresidents
_zUnited States
_vBiography
_vJuvenile literature.
650 1 _aPresidents.
830 0 _aReal people (Childrens Press)
906 _a7
_bcbc
_corignew
_d1
_eocip
_f20
_gy-gencatlg
942 _2ddc
_cBK
_n0
999 _c1813
_d1813